000 02214cam a2200433 a 4500
001 15810354
003 OSt
005 20180117085954.0
008 090710s2009 nyua b 001 0 eng
010 _a 2009025303
015 _aGBA981384
_2bnb
016 7 _a015351594
_2Uk
020 _a9780231150149 (cloth : alk. paper)
020 _a0231150148 (cloth : alk. paper)
020 _a9780231520836 (ebook)
020 _a0231520832 (ebook)
035 _a(OCoLC)ocn320798883
040 _aDLC
_cDLC
_dBTCTA
_dUKM
_dC#P
_dCDX
_dDLC
043 _ad------
050 0 0 _aHC59.7
_b.O263 2009
082 0 0 _a338.9009172/4
_222
100 1 _aOcampo, José Antonio.
245 1 0 _aGrowth and policy in developing countries :
_ba structuralist approach /
_cJosé Antonio Ocampo, Codrina Rada, and Lance Taylor ; with contributions from Mariángela Parra.
260 _aNew York :
_bColumbia University Press,
_cc2009.
300 _axviii, 178 p. :
_bill. ;
_c24 cm.
490 1 _aInitiative for Policy Dialogue at Columbia University
504 _aIncludes bibliographical references and index.
505 0 _aEconomic structure, policy, and growth -- Growth and policy space in historical terms -- Growth rates, economic structures, and energy use -- Open economies and patterns of trade -- Patterns of net borrowing in open developing economies -- Financial structures -- Macroeconomic policy choices -- Growth and sectoral policy -- Stylized facts and policy alternatives.
650 0 _aEconomic development
_zDeveloping countries.
651 0 _aDeveloping countries
_xEconomic policy.
700 1 _aRada, Codrina.
700 1 _aTaylor, Lance,
_d1940-
830 0 _aInitiative for Policy Dialogue at Columbia (Series)
906 _a7
_bcbc
_corignew
_d1
_eecip
_f20
_gy-gencatlg
942 _2ddc
_cBK
999 _c2994
_d2994